00610cam a22002051 4500001001300000003000400013005001700017008004100034010001700075035002000092040001800112042001200130050002300142100002000165245004800185260005900233300001700292500007800309999001700387ca 24000874 DLC20260227111113.0870916s1924 cau 000 0 eng  aca 24000874  a(OCoLC)16693602 aDLCcCLUdDLC apremarc00aPS3511.A5bD4 19241 aFall, Nellie M.10aDefinition of a dog,cby Nellie M. Fall ... aLos Angeles, Calif.,bFall Publishing Companyc[c1924] a7 l.c19 cm. aPoem, printed on one side of double leaves folded once in Japanese style. c15895d15895